|
|
|
|
| LEADER |
00000nam a22000007a 4500 |
| 005 |
20190903222344.0 |
| 007 |
cr|||| |||| |
| 008 |
190903s2018 co ||||| |||| 00||0 spa d |
| 020 |
|
|
|a 978-958-771-648-1
|
| 035 |
|
|
|a 24818
|
| 040 |
|
|
|a vLex
|
| 090 |
|
|
|c 9378
|d 9378
|
| 100 |
1 |
|
|a Silvera Escudero, Rodolfo Enrique
|
| 245 |
1 |
0 |
|a Costeo de la logs̕tica integral
|h [Recurso electrn̤ico] /
|c Rodolfo Enrique Silvera Escudero
|
| 256 |
|
|
|a Servicio en ln̕ea
|
| 260 |
|
|
|a Bogot:̀
|b ECOE,
|c 2018
|
| 300 |
|
|
|a 1 recurso electrn̤ico
|
| 506 |
1 |
|
|a Disponible solo en los productos indicados
|d vLex Global
|d vLex Global (Academic Edition, excluding Law Schools)
|d vLex Global (U.S. Academic Edition, Law Schools)
|d vLex Global (U.S. Academic Edition, excluding Law Schools)
|d vLex Global (Academic Edition, Law Schools)
|
| 650 |
0 |
4 |
|a Contabilidad
|z Colombia
|
| 740 |
0 |
|
|a vLex Libros (Servicio en ln̕ea)
|
| 856 |
4 |
0 |
|u http://vlex.com/source/costeo-logistica-integral-24818
|z Acceso restringido
|
| 942 |
|
|
|c BOOK
|
| 999 |
0 |
|
|a Accounting
|